header

Relations of language and thought (Record no. 3878)

MARC details
000 -LEADER
fixed length control field 01468nam a2200373Ia 4500
082 04 - DEWEY DECIMAL CLASSIFICATION NUMBER
Classification number 306.4/4/0871
245 00 - TITLE STATEMENT
Title Relations of language and thought
260 ## - PUBLICATION, DISTRIBUTION, ETC. (IMPRINT)
Place of publication New York :
Name of publisher Oxford University Press,
Year of publication 1997.
300 ## - PHYSICAL DESCRIPTION
Number of Pages xii, 189 p. :
Other physical details ill.
490 1# - SERIES STATEMENT
Series statement Counterpoints
650 #0 - SUBJECT ADDED ENTRY--TOPICAL TERM
Topical Term Cognition in children.
Topical Term Deaf children
Topical Term Deaf children
Topical Term Sign language.
700 1# - ADDED ENTRY--PERSONAL NAME
Personal name Marschark, Marc.
856 40 - ELECTRONIC LOCATION AND ACCESS
Uniform Resource Identifier http://site.ebrary.com/lib/rucke/Doc?id=10279315

No items available.

© 2026 Rongo University
Contact us: librarian | system librarian | Rongo university